| 000 | 00522cam a2200205ua 4500 | ||
|---|---|---|---|
| 020 | _c18 | ||
| 041 |
_aeng _h |
||
| 082 |
_a338.642 _bNAN/EC |
||
| 100 | _aNanjundan, S . | ||
| 245 |
_aEconomic research for small industries development / _cS Nanjundan. _hTextual Documents |
||
| 250 |
_a1 / _b. |
||
| 260 |
_aMumbai : _bAsia Publishing House , _c1962. |
||
| 300 | _a316 ; . | ||
| 365 | _a18 | ||
| 504 | _a | ||
| 700 | 1 | _aRobison, H E . | |
| 700 | 1 | _aStaley, Eugene . | |
| 942 | _cBK | ||
| 999 |
_c11410 _d11410 |
||